| 000 | 01425nam a22003377a 4500 | ||
|---|---|---|---|
| 003 | OSt | ||
| 005 | 20230622125629.0 | ||
| 008 | 221006b |||||||| |||| 00| 0 eng d | ||
| 040 | _cBiblioteca Lado V | ||
| 082 |
_a709.05 _bG851a |
||
| 100 |
_9855 _aGriffin, Tim _eeditor |
||
| 245 |
_aArtforum/ _bInternacional/ |
||
| 260 |
_aNew York _c1993 _bNew York editorial and business offices |
||
| 300 |
_c26.5x27cm _a230p. |
||
| 366 | _eeng | ||
| 490 |
_aSEPTEMBER _v1993 _vSPECIAL ISSUE _x0864-1315 |
||
| 505 | _tArtforum Contributors | ||
| 505 |
_tARTFORUM 62-72 . 117 _aARS LONGA, PECUNIA BREVIS PHIL LEIDER, EDITOR JOHN COPLANS: A CONVERSATION WITH PETER PLAGENS LET SLIP THE DOGS OF WAR CHARLES COWLES THE PAGE WAS MY PARTY YOURS FAITHFULLY |
||
| 505 | _tSTATE OF THE ART 127 | ||
| 505 | _tCRITICAL REFLECTIONS 161 | ||
| 505 | _tART FORUM 80 - 93 . 171 | ||
| 650 |
_2Tesauro de Arte & Arquitectura _aARTE COMTEMPORANEO _9703 |
||
| 650 |
_2Tesauro de Arte & Arquitectura _aFOTOGRAFIA _9702 |
||
| 650 |
_2Tesauro de Arte & Arquitectura _aARTE VISUAL _9702 |
||
| 650 |
_2Tesauro de Arte & Arquitectura _aLIBROS |
||
| 650 |
_2Tesauro de Arte & Arquitectura _aNOTICIAS |
||
| 650 |
_2 Tesauro de Arte & Arquitectura _aARTE INTERNACIONAL |
||
| 650 |
_2 Tesauro de Arte & Arquitectura _aESCULTURA |
||
| 700 |
_aNavarreta, Jose Antonio _eeditor |
||
| 942 |
_2ddc _c1 _h709.05 _iG851a _n0 |
||
| 999 |
_c3935 _d3935 |
||